000
00266nam a22001217a 4500
008
171107b xxu||||| |||| 00| 0 eng d
041
_a
eng
080
_a
330.7226.6
100
_a
62
101
_a
KON
245
_a
MANAGERIAL ACCOUTING
_c
BREWER.G
942
_2
udc
_c
BK
999
_c
38146
_d
38146